banner-ar

EXPLORING YOUR SOLAR SYSTEM / (Record no. 19258)

MARC details
000 -الفاتح
حقل البيانات ثابتة الطول 00548nam a2200205Ia 4500
008 - عناصر البيانات ثابتة الطول - معلومات عامة
حقل البيانات ثابتة الطول 140319s9999 xx 000 0 eng d
040 ## - مصدر الفهرسة
وكالة الفهرسة الأصلية GCL /
وكالة النسخ GCL
082 04 - رقم تصنيف ديوى العشرى
رقم التصنيف 523.2
رقم المادة R E
100 1# - المدخل الرئيسى - إسم شخصى
الإسم الشخصى NATIONAL GEOGRAPHIC SOCIETY
245 10 - بيان العنوان
العنوان EXPLORING YOUR SOLAR SYSTEM /
بيان المسئوليه,etc NATIONAL GEOGRAPHIC SOCIETY
700 1# - المدخل الاضافى - اسم شخصى
الإسم الشخصى RATHBUN, ELIZABETH
300 ## - الوصف المادى
التعداد 96 P
650 04 - المدخل الاضافى بالموضوع-مصطلح موضوعى
مصطلح موضوعي JUVENILE LITERATURE
650 04 - المدخل الاضافى بالموضوع-مصطلح موضوعى
مصطلح موضوعي EXPLORATION
650 04 - المدخل الاضافى بالموضوع-مصطلح موضوعى
مصطلح موضوعي SPACE
650 04 - المدخل الاضافى بالموضوع-مصطلح موضوعى
مصطلح موضوعي SOLAR SYSTEM
942 ## - عناصر المدخل الإضافي( كوها)
مصدر التصنيف او مخطط الترفيف Dewey Decimal Classification
Koha [default] item type كتاب
260 ## - PUBLICATION, DISTRIBUTION, ETC. (IMPRINT)
-- [S.N] :
-- NATIONAL GEOGRAPHIC SOCIETY
Holdings
حالة التراجع حالة الفقد حالة تلف ليس للاعارة المكان المؤقت الموقع الحالى تاريخ الاكتساب اجمالي اﻻعارات رقم الطلب الباركود تاريخ اخر مشاهدة تاريخ تفعيل السعر نوع وعاء كوها
        مكتبة القاهرة الكبرى مكتبة القاهرة الكبرى 03/26/2014   523.2\R E 36828 03/26/2014 03/26/2014 كتاب

Powered By

EGPV